El siglo XVII: de la contrareforma a las luces

Збережено в:
Бібліографічні деталі
Автори: Bercé, Yves-Marie (Автор), Molinier, Alain (Автор), Péronnet, Michel (Автор)
Формат: Книга
Мова:Іспанська
Опубліковано: Madrid Akal 1991
Серія:Comunicación y Sociología
Предмети:
Теги: Додати тег
Немає тегів, Будьте першим, хто поставить тег для цього запису!

MARC

LEADER 00000nam a2200000 a 4500
001 UCJ0817
003 CL-VaPUC
008 060908e19910000SP |||||||||||||||||spa|d
020 |a 8476005733 
082 0 4 |a 940.252  |b BER  |2 21 
100 0 |a Bercé, Yves-Marie  |e author  |9 501184 
700 0 |a Molinier, Alain  |e author  |9 501185 
700 0 |a Péronnet, Michel  |e author  |9 501186 
245 1 3 |a El siglo XVII: de la contrareforma a las luces 
300 |a 323 p 
942 |c BK 
945 |d 20060908 00:00:00  |a jtorresc 
260 |a Madrid  |b Akal  |c 1991 
650 0 |a Historia de Europa  |9 392003 
650 0 |a Historia social  |9 313638 
650 0 |a Identidad cultural  |9 319131 
650 0 |a Cambio social   |9 256857 
650 0 |a Diversidad cultural  |9 473079 
583 |a last modification  |c 20140409 02:47:22  |k Rodrigo Vera 
490 0 |a Comunicación y Sociología 
999 |c 317571  |d 317569 
952 |0 0  |1 0  |4 0  |6 940_252000000000000_BER_1991  |7 0  |8 A  |9 394114  |a BIBHIS  |b BIBHIS  |d 2019-11-22  |i 4257383  |o 940.252 BER 1991  |p 4257383  |r 2025-01-20  |w 2019-11-22  |y BK  |k HIS